000 00943nam a22002295i 4500
999 _c57511
_d57511
001 19077361
005 20211116114648.0
008 160428s2016 nyu 000 0 eng
020 _a9783319210179
041 _aeng
080 _a517.98 I-57
245 0 0 _aIntegral operators in non-standard function spaces :
_bvolume 2: Variable Exponent Hölder, Morrey–Campanato and Grand Spaces /
_c Vakhtang Kokilashvili, Alexander Meskhi , Humberto Rafeiro, Stefan Samko.
264 1 _a Boston :
_bBirkhäuser,
_c2016.
300 _a457pages;
_b25 cm.
653 _aინტეგრალები
653 _aარასტანდარტული ფუნქციები
700 _a Kokilashvili, Vakhtang
_eავტორი
_98923
700 _a Meskhi, Alexander
_eავტორი
_98924
700 _aRafeiro Humberto
_eავტორი
_98686
700 _aSamko Stefan
_eავტორი
_98687
942 _2udc
_cBK